Marketing management analysis, planning, and control
Gespeichert in:
| 1. Verfasser: | |
|---|---|
| Format: | Buch |
| Sprache: | Englisch |
| Veröffentlicht: |
Englewood Cliffs
Prentice Hall
1967
|
| Schlagworte: | |
| Tags: |
Keine Tags, Fügen Sie das erste Tag hinzu!
|
MARC
| LEADER | 00000nam a2200000 4500 | ||
|---|---|---|---|
| 001 | c124668 | ||
| 005 | 20221123135518.1 | ||
| 041 | 0 | |a eng | |
| 044 | |a US | ||
| 245 | 1 | 0 | |a Marketing management |b analysis, planning, and control |c Philip Kotler |
| 264 | 1 | |a Englewood Cliffs |b Prentice Hall |c 1967 | |
| 300 | |a 628 s. | ||
| 610 | 2 | 0 | |a marketing |
| 610 | 2 | 0 | |a manažment |
| 610 | 2 | 0 | |a analýza trhu |
| 610 | 2 | 0 | |a plánovanie strategické |
| 610 | 2 | 0 | |a podnik |
| 610 | 2 | 0 | |a systémy informačné |
| 610 | 2 | 0 | |a trh kupujúceho |
| 610 | 2 | 0 | |a výrobky nové |
| 610 | 2 | 0 | |a predaj |
| 610 | 2 | 0 | |a reklama |
| 610 | 2 | 0 | |a riadenie strategické |
| 610 | 2 | 0 | |a správanie spotrebiteľa |
| 610 | 2 | 0 | |a rozhodovanie manažérske |
| 610 | 2 | 0 | |a kontrola |
| 100 | 1 | |a Kotler, Philip | |